[Event "2BLN 1920 SV Glückauf Rüdersdorf - SK"]
[Site "?"]
[Date "2019.11.24"]
[Round "4.1"]
[White "Stern, Rene"]
[Black "Kanarek, Marcel"]
[Result "1-0"]
[WhiteElo "2516"]
[BlackElo "2482"]
[PlyCount "79"]
[EventDate "2019.??.??"]

1. d4 Nf6 2. c4 g6 3. Nc3 Bg7 4. e4 d6 5. h3 O-O 6. Be3 e5 7. d5 Na6 8. g4 Nc5
9. f3 c6 10. Nge2 cxd5 11. cxd5 Bd7 12. b4 Na6 13. a3 h5 14. Qd2 Nh7 15. O-O-O
h4 16. Rg1 Nc7 17. Kb2 a5 18. Nc1 axb4 19. axb4 Qe8 20. N1a2 Bb5 21. Bd3 Qd7
22. Ra1 Rfc8 23. Qe2 Bxd3 24. Qxd3 Bf6 25. g5 Bd8 26. Rg4 b5 27. f4 exf4 28.
Bxf4 Rab8 29. e5 dxe5 30. Bxe5 Rb7 31. Rd1 Na8 32. Ne4 Nb6 33. Kb1 Nc4 34. Bc3
Bb6 35. Rxh4 Ne3 36. Kb2 Nc4+ 37. Ka1 Ra7 38. Rxh7 Rxa2+ 39. Kb1 Ra1+ 40. Bxa1
1-0

[Event "2BLN 1920 SV Glückauf Rüdersdorf - SK"]
[Site "?"]
[Date "2019.11.24"]
[Round "4.2"]
[White "Leniart, Arkadiusz"]
[Black "Rabiega, Robert"]
[Result "1/2-1/2"]
[WhiteElo "2504"]
[BlackElo "2509"]
[PlyCount "41"]
[EventDate "2019.??.??"]

1. e4 e5 2. Nf3 Nf6 3. Nxe5 d6 4. Nf3 Nxe4 5. d4 d5 6. Bd3 Be7 7. O-O Bf5 8.
Re1 O-O 9. c4 Nc6 10. Nc3 Nxc3 11. bxc3 Bxd3 12. Qxd3 dxc4 13. Qxc4 Qd7 14. Bf4
Rac8 15. Qb5 Bd6 16. Bd2 b6 17. c4 Rfe8 18. a4 Nb8 19. Be3 c6 20. Qb3 Qf5 21.
a5 1/2-1/2

[Event "2BLN 1920 SV Glückauf Rüdersdorf - SK"]
[Site "?"]
[Date "2019.11.24"]
[Round "4.3"]
[White "Muse, Mladen"]
[Black "Sieciechowicz, Marcin"]
[Result "1/2-1/2"]
[WhiteElo "2387"]
[BlackElo "2366"]
[PlyCount "46"]
[EventDate "2019.??.??"]

1. Nf3 Nf6 2. g3 g6 3. b3 Bg7 4. Bb2 O-O 5. Bg2 d6 6. d4 e5 7. dxe5 Ng4 8. h3
Nxe5 9. Nxe5 Bxe5 10. Bxe5 dxe5 11. Qxd8 Rxd8 12. Nd2 c6 13. O-O-O Be6 14. Nc4
Nd7 15. Na5 Rab8 16. Bxc6 bxc6 17. Nxc6 Rdc8 18. Nxb8 Nxb8 19. Kb2 Kf8 20. g4
Ke7 21. e3 Nc6 22. f4 e4 23. Rh2 a5 1/2-1/2

[Event "2BLN 1920 SV Glückauf Rüdersdorf - SK"]
[Site "?"]
[Date "2019.11.24"]
[Round "4.4"]
[White "Steczek, Marcin"]
[Black "Bruedigam, Martin"]
[Result "1-0"]
[WhiteElo "2367"]
[BlackElo "2396"]
[PlyCount "157"]
[EventDate "2019.??.??"]

1. Nf3 d5 2. d4 e6 3. g3 Nf6 4. Bg2 Nbd7 5. O-O b5 6. Nbd2 Bb7 7. a4 a6 8. Nb3
c6 9. Bf4 Be7 10. Qe1 O-O 11. Na5 Qc8 12. Ne5 Nxe5 13. Bxe5 Nd7 14. Bf4 Ra7 15.
c3 Nb6 16. b3 Qd7 17. Qd2 Ba8 18. Ra2 h6 19. h4 bxa4 20. b4 Bb7 21. Qd3 Bd6 22.
Bxd6 Qxd6 23. e4 Bc8 24. e5 Qc7 25. f4 Bd7 26. Rfa1 Rfa8 27. Bf1 Qd8 28. Qe3
Qe7 29. h5 Be8 30. Qd3 f5 31. Rh2 Rc8 32. Raa2 Kh8 33. Rag2 Rb8 34. Qe2 Qf8 35.
Rf2 Rc7 36. Qe3 Qe7 37. Ra2 Nd7 38. Rhb2 Bxh5 39. Bxa6 Nb6 40. Bd3 Ra8 41. Rb1
Be8 42. Rba1 Rb8 43. Bc2 h5 44. Kg2 Kg8 45. Kh3 Bd7 46. Bd1 Be8 47. Bc2 Bd7 48.
Bd1 Be8 49. Qd2 Rcc8 50. Be2 Rc7 51. Rc1 Ra7 52. Rac2 Kh7 53. Ra1 Kh6 54. Rca2
Rc7 55. Rc2 Ra7 56. Qc1 g6 57. Kg2 Kg7 58. Qh1 Bd7 59. Qh4 Kf7 60. Kf3 Rc8 61.
Ke3 Rcc7 62. Rca2 Bc8 63. Bd1 Ba6 64. Bxa4 Nc4+ 65. Nxc4 Bxc4 66. Ra3 Ra6 67.
Bd1 Rca7 68. Ra5 Qe8 69. Qf6+ Kg8 70. Kf2 Kh7 71. Kg2 Rxa5 72. Rxa5 Qb8 73. Kh3
Rxa5 74. bxa5 Qb2 75. Qf7+ Kh6 76. Qf8+ Kh7 77. Kh4 Qxc3 78. Kg5 Qxa5 79. Qf7+
1-0

[Event "2BLN 1920 SV Glückauf Rüdersdorf - SK"]
[Site "?"]
[Date "2019.11.24"]
[Round "4.5"]
[White "Von Herman, Ulf"]
[Black "Dudzinski, Piotr"]
[Result "1/2-1/2"]
[WhiteElo "2345"]
[BlackElo "2328"]
[PlyCount "49"]
[EventDate "2019.??.??"]

1. d4 d5 2. c4 e6 3. Nc3 Nf6 4. cxd5 exd5 5. Bg5 Be7 6. e3 c6 7. Qc2 Nbd7 8.
Bd3 O-O 9. Nge2 Re8 10. O-O h6 11. Bh4 Ne4 12. Bxe7 Qxe7 13. Rab1 Ndf6 14. b4
Qd6 15. h3 Bd7 16. b5 Rac8 17. bxc6 Bxc6 18. Rfc1 a6 19. a4 Nxc3 20. Nxc3 Rc7
21. Qb2 Rec8 22. a5 Bd7 23. Ne2 g6 24. Rxc7 Rxc7 25. Qb6 1/2-1/2

[Event "2BLN 1920 SV Glückauf Rüdersdorf - SK"]
[Site "?"]
[Date "2019.11.24"]
[Round "4.6"]
[White "Janaszak, Dawid"]
[Black "Mueller, Nick"]
[Result "1/2-1/2"]
[WhiteElo "2353"]
[BlackElo "2365"]
[PlyCount "190"]
[EventDate "2019.??.??"]

1. c4 Nf6 2. d4 c6 3. Nf3 d5 4. Qb3 dxc4 5. Qxc4 Bf5 6. g3 e6 7. Bg2 Be7 8. O-O
O-O 9. Nc3 Nbd7 10. e3 h6 11. Qe2 Bg4 12. h3 Bxf3 13. Qxf3 e5 14. d5 cxd5 15.
Nxd5 e4 16. Qf5 g6 17. Nxf6+ Nxf6 18. Qb5 Qb6 19. Qxb6 axb6 20. Bd2 Rfd8 21.
Bc3 Nd5 22. Bxe4 Nxc3 23. bxc3 Bf6 24. Rab1 Rd6 25. c4 Rxa2 26. Bxb7 Ra5 27.
Bd5 Kg7 28. Rfd1 g5 29. Kg2 Be7 30. Rd2 Rf6 31. g4 Bc5 32. Be4 Ra4 33. Rc2 Re6
34. Bd5 Rd6 35. Rb3 Ra7 36. Rd3 Ra4 37. Re2 Ra7 38. e4 Rf6 39. e5 Rf4 40. Rdd2
Rd4 41. Ra2 b5 42. Rxa7 Bxa7 43. e6 fxe6 44. Rxe6 bxc4 45. Bxc4 Rxc4 46. Re7+
Kg6 47. Rxa7 Rc6 48. Ra8 Rb6 49. Kg3 Rf6 50. Ra5 Rb6 51. f3 Rf6 52. Kf2 h5 53.
h4 hxg4 54. Rxg5+ Kh6 55. Rxg4 Ra6 56. Kg3 Ra3 57. Rg5 Ra4 58. f4 Rb4 59. Kg4
Ra4 60. h5 Ra6 61. Re5 Rb6 62. Re7 Ra6 63. Kf5 Ra5+ 64. Kf6 Rxh5 65. f5 Rh1 66.
Re2 Rh3 67. Kf7 Ra3 68. f6 Ra7+ 69. Re7 Ra8 70. Re8 Ra7+ 71. Ke6 Ra6+ 72. Kf5
Ra5+ 73. Re5 Ra6 74. Re8 Ra5+ 75. Ke6 Ra6+ 76. Kf7 Ra7+ 77. Re7 Ra8 78. Rd7 Rb8
79. Ke6 Re8+ 80. Re7 Ra8 81. Rc7 Re8+ 82. Kf5 Ra8 83. Rc5 Ra6 84. Rd5 Rb6 85.
Ra5 Rb7 86. Ra6 Rb8 87. Ra7 Rb6 88. Ke5 Kg6 89. Rg7+ Kh6 90. Re7 Kg6 91. f7 Kg7
92. Rd7 Ra6 93. Rb7 Rc6 94. Kd5 Rf6 95. Ke5 Rxf7 1/2-1/2

[Event "2BLN 1920 SV Glückauf Rüdersdorf - SK"]
[Site "?"]
[Date "2019.11.24"]
[Round "4.7"]
[White "Sarbok, Torsten"]
[Black "Sroczynski, Maciej"]
[Result "1/2-1/2"]
[WhiteElo "2319"]
[BlackElo "2284"]
[PlyCount "40"]
[EventDate "2019.??.??"]

1. e4 c5 2. Nf3 a6 3. c4 e6 4. Nc3 d6 5. d4 cxd4 6. Nxd4 Nf6 7. Be2 Be7 8. O-O
O-O 9. Be3 Qc7 10. Rc1 Nbd7 11. Qd2 b6 12. f3 Bb7 13. Kh1 Rac8 14. Rfd1 Qb8 15.
Nb3 Rfd8 16. Qe1 Re8 17. Qf2 Bd8 18. Nd2 Bc6 19. b4 Bc7 20. Nf1 Qa8 1/2-1/2

[Event "2BLN 1920 SV Glückauf Rüdersdorf - SK"]
[Site "?"]
[Date "2019.11.24"]
[Round "4.8"]
[White "Szyszylo, Rafal"]
[Black "Kachibadze, Georg"]
[Result "0-1"]
[WhiteElo "2239"]
[BlackElo "2267"]
[PlyCount "98"]
[EventDate "2019.??.??"]

1. e4 c5 2. Nf3 Nc6 3. Bb5 d6 4. O-O Bd7 5. Re1 Nf6 6. c3 a6 7. Bf1 Bg4 8. h3
Bh5 9. d4 Bxf3 10. gxf3 Nd7 11. d5 Na7 12. f4 Qc7 13. e5 O-O-O 14. e6 fxe6 15.
Rxe6 g6 16. Nd2 Bh6 17. Nf3 Nf8 18. Re1 Re8 19. h4 Kb8 20. Bh3 Bg7 21. Qa4 Rd8
22. Ng5 Bf6 23. Nf7 Rg8 24. Nxd8 Qxd8 25. Kf1 Bxh4 26. Qe4 Nb5 27. Bd2 Nc7 28.
c4 Nd7 29. Bc3 Re8 30. Re3 Nf6 31. Qf3 Rf8 32. Rae1 Nh5 33. f5 Bg5 34. Re4 h6
35. Qh1 gxf5 36. R4e2 Nf4 37. Re3 Qe8 38. Rf3 Qa4 39. b3 Qxa2 40. Bg7 Rf7 41.
Bh8 Qd2 42. Rxf4 Qd3+ 43. Re2 Bxf4 44. Qg2 Ka7 45. f3 e5 46. dxe6 Nxe6 47. Qg6
Qxf3+ 48. Ke1 Bg3+ 49. Kd2 Qxe2+ 0-1

[Event "2BLN 1920 SF Berlin II - SK Zehlendorf"]
[Site "?"]
[Date "2019.11.24"]
[Round "4.1"]
[White "Demidov, Mikhail"]
[Black "Lauber, Arnd"]
[Result "1-0"]
[WhiteElo "2550"]
[BlackElo "2408"]
[PlyCount "79"]
[EventDate "2019.??.??"]

1. d4 Nf6 2. c4 e6 3. Nc3 Bb4 4. e3 O-O 5. Nf3 d5 6. Bd2 b6 7. cxd5 exd5 8. Rc1
a6 9. Bd3 Bb7 10. O-O Nbd7 11. Ne5 Nxe5 12. dxe5 Bxc3 13. Bxc3 Ne4 14. Bb4 c5
15. Be1 Qg5 16. f4 Qe7 17. Qh5 f5 18. Rd1 Qe6 19. Bxe4 fxe4 20. f5 Qxe5 21. Bc3
Qe8 22. Qg5 Qf7 23. f6 g6 24. Rf5 Qd7 25. Re5 Rae8 26. h4 Rxe5 27. Qxe5 h5 28.
Rf1 Kh7 29. Rf4 Bc8 30. Kh2 Qc6 31. Qg5 Be6 32. Qe5 Qd7 33. a3 Bg4 34. Rf2 Be6
35. Kg1 a5 36. Rd2 Qc6 37. g4 Bxg4 38. Rxd5 Qc8 39. Qxe4 Qc6 40. Rxh5+ 1-0

[Event "2BLN 1920 SF Berlin II - SK Zehlendorf"]
[Site "?"]
[Date "2019.11.24"]
[Round "4.2"]
[White "Jakubowski, Krzysztof"]
[Black "Lagunow, Raphael"]
[Result "1-0"]
[WhiteElo "2494"]
[BlackElo "2432"]
[PlyCount "89"]
[EventDate "2019.??.??"]

1. c4 e6 2. d4 d5 3. Nc3 c6 4. e3 Nf6 5. Nf3 Nbd7 6. Bd3 dxc4 7. Bxc4 b5 8. Bd3
a6 9. a4 b4 10. Ne4 c5 11. Nxf6+ Nxf6 12. dxc5 Bxc5 13. Qc2 Qe7 14. e4 Bb7 15.
Bg5 h6 16. Bh4 g5 17. Bg3 Nh5 18. Rc1 Rc8 19. Qe2 Nxg3 20. hxg3 g4 21. Nd2 Qg5
22. Nb3 a5 23. Ba6 Bxa6 24. Qxa6 O-O 25. O-O Ra8 26. Qe2 Bb6 27. Rc6 Rab8 28.
Qa6 Bd8 29. Rc5 Qg6 30. Re1 Bb6 31. Rc6 Bd8 32. Nxa5 Bf6 33. e5 Ra8 34. Qb5
Rfb8 35. Nb7 Bd8 36. Ra6 Rxa6 37. Qxa6 Qc2 38. Nd6 Bc7 39. Qa7 Rd8 40. Qd4 h5
41. Qxb4 Bxd6 42. exd6 Qd3 43. Qf4 Rxd6 44. Qg5+ Kf8 45. Rc1 1-0

[Event "2BLN 1920 SF Berlin II - SK Zehlendorf"]
[Site "?"]
[Date "2019.11.24"]
[Round "4.3"]
[White "Malek, Daniel"]
[Black "Schmidek, Emil"]
[Result "1/2-1/2"]
[WhiteElo "2349"]
[BlackElo "2394"]
[PlyCount "86"]
[EventDate "2019.??.??"]

1. d4 d5 2. c4 e6 3. Nc3 a6 4. cxd5 exd5 5. Bf4 Nf6 6. e3 Bd6 7. Bxd6 Qxd6 8.
Bd3 O-O 9. h3 Re8 10. Nf3 Nc6 11. O-O Ne7 12. Qc2 g6 13. Rac1 Bf5 14. Bxf5 Nxf5
15. Na4 c6 16. Nc5 Qe7 17. Ne5 Ne4 18. Nxe4 dxe4 19. Qb3 Nd6 20. Rc5 Qe6 21.
Qxe6 Rxe6 22. Rfc1 Rd8 23. g4 f6 24. Nc4 Nxc4 25. R1xc4 Red6 26. Kg2 Kf7 27.
Kg3 R8d7 28. Kf4 Re6 29. h4 h6 30. a4 g5+ 31. Kg3 Red6 32. h5 Rd5 33. b4 Ke6
34. f3 f5 35. Rc1 f4+ 36. exf4 gxf4+ 37. Kxf4 exf3 38. Kxf3 Rxd4 39. R1c4 Rd3+
40. Ke4 R3d5 41. Ke3 Rd3+ 42. Ke4 R3d5 43. Ke3 Rd3+ 1/2-1/2

[Event "2BLN 1920 SF Berlin II - SK Zehlendorf"]
[Site "?"]
[Date "2019.11.24"]
[Round "4.4"]
[White "Seyb, Alexander"]
[Black "Stachowiak, Kamil"]
[Result "1-0"]
[WhiteElo "2428"]
[BlackElo "2442"]
[PlyCount "51"]
[EventDate "2019.??.??"]

1. e4 c5 2. Nf3 d6 3. d4 cxd4 4. Nxd4 Nf6 5. Nc3 a6 6. Be3 g6 7. f3 Bg7 8. Qd2
Nbd7 9. g4 Ne5 10. h3 b5 11. f4 Nc4 12. Bxc4 bxc4 13. e5 dxe5 14. fxe5 Nd7 15.
e6 Ne5 16. exf7+ Nxf7 17. O-O-O Bd7 18. Qg2 Qc8 19. Nd5 Rb8 20. Rhf1 Qb7 21. b3
e5 22. Rxf7 Kxf7 23. Qf2+ Ke8 24. Nf6+ Ke7 25. Nxd7 exd4 26. Bxd4 1-0

[Event "2BLN 1920 SF Berlin II - SK Zehlendorf"]
[Site "?"]
[Date "2019.11.24"]
[Round "4.5"]
[White "Brodowski, Piotr"]
[Black "Agopov, Mikael"]
[Result "1-0"]
[WhiteElo "2442"]
[BlackElo "2430"]
[PlyCount "123"]
[EventDate "2019.??.??"]

1. d4 Nf6 2. Bg5 e6 3. Nd2 h6 4. Bh4 c5 5. e4 cxd4 6. e5 g5 7. Bg3 Nd5 8. h4
gxh4 9. Rxh4 Nc6 10. Ngf3 Rg8 11. Bd3 d6 12. Nxd4 Nxe5 13. Be4 Nf6 14. Qe2 Qa5
15. O-O-O Rxg3 16. fxg3 Qxa2 17. N2b3 Bd7 18. Nb5 Rc8 19. Bxb7 Qxb3 20. Bxc8
Qxb5 21. Bxd7+ Qxd7 22. Rb4 Nc6 23. Rb3 d5 24. Qa6 Ne4 25. Qe2 Be7 26. Kb1 Qc7
27. Rf3 Kf8 28. c4 Ne5 29. cxd5 Nxf3 30. Qxe4 Ne5 31. Qh7 Bf6 32. dxe6 Qb6 33.
Qxh6+ Ke7 34. exf7 Nxf7 35. Qd2 Kf8 36. Qe2 Kg7 37. Rd7 a5 38. Rd5 a4 39. Rb5
Qd4 40. Qf3 Nd6 41. Rb8 Nc4 42. Qf5 Na3+ 43. Ka1 Be7 44. Rb7 Qe3 45. Qg4+ Kf7
46. Qf5+ Kg7 47. Rc7 Nb5 48. Qxb5 a3 49. Qd7 axb2+ 50. Kxb2 Qf2+ 51. Kc1 Qe1+
52. Qd1 Qe4 53. Qf3 Qe6 54. Qc3+ Kh7 55. Rc6 Qf7 56. Qd3+ Kg7 57. Qd4+ Kh7 58.
Qe4+ Kg7 59. Qg4+ Kh7 60. Qh3+ Kg8 61. Qe6 Bg5+ 62. Kd1 1-0

[Event "2BLN 1920 SF Berlin II - SK Zehlendorf"]
[Site "?"]
[Date "2019.11.24"]
[Round "4.6"]
[White "Polzin, Rainer"]
[Black "Luch, Michal"]
[Result "0-1"]
[WhiteElo "2411"]
[BlackElo "2399"]
[PlyCount "70"]
[EventDate "2019.??.??"]

1. e4 c5 2. Nc3 Nc6 3. Bb5 d6 4. f4 Bd7 5. Nf3 g6 6. d3 Bg7 7. Bc4 Na5 8. Bd2
Nxc4 9. dxc4 Nh6 10. Qe2 O-O 11. O-O a6 12. Rad1 b5 13. f5 bxc4 14. Nd5 Rb8 15.
Qe1 f6 16. Ba5 Qe8 17. Bc7 Rb7 18. Qa5 Bc6 19. Nxe7+ Qxe7 20. Bxd6 Qxe4 21.
Bxf8 Bxf8 22. Qxa6 Rd7 23. Rxd7 Bxd7 24. fxg6 hxg6 25. Qxf6 Ng4 26. Qg5 c3 27.
bxc3 Bf5 28. h3 Qe3+ 29. Qxe3 Nxe3 30. Rc1 Bg7 31. g4 Bxc2 32. Ne1 Be4 33. a4
Nc4 34. Kf2 Bh6 35. Rd1 Bc6 0-1

[Event "2BLN 1920 SF Berlin II - SK Zehlendorf"]
[Site "?"]
[Date "2019.11.24"]
[Round "4.7"]
[White "Meister, Jakob"]
[Black "Florstedt, Johannes"]
[Result "1-0"]
[WhiteElo "2419"]
[BlackElo "2352"]
[PlyCount "113"]
[EventDate "2019.??.??"]

1. c4 Nf6 2. Nc3 d5 3. cxd5 Nxd5 4. g3 c5 5. Bg2 Nc7 6. a3 Nc6 7. Bxc6+ bxc6 8.
Nf3 f6 9. Qa4 e5 10. Qxc6+ Bd7 11. Qe4 Ne6 12. Qd5 Nd4 13. Nxd4 cxd4 14. Ne4
Rc8 15. Nd6+ Bxd6 16. Qxd6 Rc6 17. Qd5 Qc7 18. O-O Be6 19. Qf3 O-O 20. b4 Rc8
21. Re1 Qd7 22. b5 Rc2 23. a4 Bd5 24. Qh5 Bb7 25. d3 Qd5 26. f3 Qb3 27. Qh3
R8c7 28. Ba3 Bc8 29. Qf1 Qc3 30. Red1 Be6 31. Qe1 Ba2 32. Bd6 Rd7 33. Bb4 Qb2
34. Kf2 Rdc7 35. a5 Rb7 36. Rdc1 Rxb5 37. Rxc2 Qxc2 38. Rc1 Qa4 39. Rc8+ Kf7
40. Rc7+ Kg8 41. Rc8+ Kf7 42. Rc7+ Kg8 43. Bd2 Rb1 44. Bc1 Bd5 45. Qd2 Bc6 46.
g4 h6 47. h4 Rb7 48. Rc8+ Kf7 49. g5 Bd7 50. Rc4 Qa1 51. gxh6 Be6 52. h7 Rb8
53. Rc7+ Kg6 54. h5+ Kf5 55. Rxg7 Bd5 56. Qh6 Ke6 57. Rg6 1-0

[Event "2BLN 1920 SF Berlin II - SK Zehlendorf"]
[Site "?"]
[Date "2019.11.24"]
[Round "4.8"]
[White "Rudolf, Henrik"]
[Black "Lagunow, Alexander"]
[Result "0-1"]
[WhiteElo "2319"]
[BlackElo "2366"]
[PlyCount "94"]
[EventDate "2019.??.??"]

1. e4 c5 2. Nf3 d6 3. d4 cxd4 4. Nxd4 Nf6 5. Nc3 a6 6. Bg5 e6 7. f4 b5 8. e5
dxe5 9. fxe5 Qc7 10. Qe2 Nfd7 11. O-O-O Nc6 12. Nxc6 Qxc6 13. Ne4 Bb7 14. Nd6+
Bxd6 15. exd6 O-O 16. h4 Qe4 17. Qf2 f6 18. Bf4 Rac8 19. Rd2 Qa4 20. Rh3 e5 21.
Bh2 Qxa2 22. Ra3 Qe6 23. Qa7 Bc6 24. Bg1 Ra8 25. Qc7 Rfc8 26. Qa5 Be4 27. Rc3
Rxc3 28. Qxc3 Qa2 29. b3 Bb7 30. Re2 Rc8 31. Qh3 Nf8 32. Qf5 Qa1+ 33. Kd2 Qa3
34. Kd1 Rd8 35. Rd2 Rxd6 36. Be3 Rxd2+ 37. Kxd2 Qb4+ 38. Kd1 Qd6+ 39. Kc1 Qd7
40. Qf2 Ne6 41. h5 Be4 42. h6 Nd4 43. hxg7 Kxg7 44. Qh4 Qf5 45. Bxd4 Qxf1+ 46.
Kb2 Qxg2 47. Bf2 Bg6 0-1

[Event "2BLN 1920 SG AE Magdeburg - SC Empor Po"]
[Site "?"]
[Date "2019.11.24"]
[Round "4.1"]
[White "Hansch, Karsten"]
[Black "Roseneck, Jonas"]
[Result "1/2-1/2"]
[WhiteElo "2272"]
[BlackElo "2419"]
[PlyCount "84"]
[EventDate "2019.??.??"]

1. e4 c5 2. Nc3 Nc6 3. Nf3 e5 4. Bc4 d6 5. d3 Be7 6. Nd2 Nf6 7. Nf1 Nd7 8. Ne3
Nb6 9. Ncd5 O-O 10. O-O Kh8 11. Nxb6 axb6 12. c3 f5 13. exf5 Bxf5 14. Nxf5 Rxf5
15. Bd5 Qd7 16. Be4 Rf6 17. Bg5 Rff8 18. Bxe7 Nxe7 19. c4 Rf6 20. Qh5 g6 21.
Qg5 Raf8 22. a4 Nc6 23. Bxc6 Qxc6 24. b3 Kg7 25. Rae1 Qd7 26. Re4 Rf4 27. Qg3
Qd8 28. Qe3 Qa8 29. Rxf4 Rxf4 30. g3 Rf7 31. f4 Qf8 32. Rf2 exf4 33. Rxf4 Rxf4
34. gxf4 Qf6 35. Qe4 Kh6 36. Kg2 Qb2+ 37. Kg3 Qxb3 38. Qd5 Qxa4 39. Qg5+ Kg7
40. Qe7+ Kg8 41. Qe6+ Kg7 42. Qe7+ Kg8 1/2-1/2

[Event "2BLN 1920 SG AE Magdeburg - SC Empor Po"]
[Site "?"]
[Date "2019.11.24"]
[Round "4.2"]
[White "Gungl, Theo"]
[Black "Penzold, Andreas"]
[Result "1/2-1/2"]
[WhiteElo "2347"]
[BlackElo "2386"]
[PlyCount "94"]
[EventDate "2019.??.??"]

1. d4 Nf6 2. c4 g6 3. Nc3 Bg7 4. g3 O-O 5. Bg2 c5 6. Nf3 cxd4 7. Nxd4 Nc6 8.
O-O Nxd4 9. Qxd4 d6 10. Qd2 Be6 11. Bxb7 Rb8 12. Bg2 Bxc4 13. b3 Be6 14. Bb2
Qa5 15. Rfd1 Rfc8 16. Ne4 Qxd2 17. Rxd2 Nxe4 18. Bxe4 Bxb2 19. Rxb2 Rc5 20. Rc2
Ra5 21. Rd1 Rb4 22. Bd3 Ra3 23. Rdd2 Rb7 24. Be4 Rb6 25. Kg2 f5 26. Bd5 Kf7 27.
Bxe6+ Kxe6 28. h4 Kd7 29. Kf3 a5 30. Rd4 Rc6 31. Rxc6 Kxc6 32. Rc4+ Kd7 33. Rc2
a4 34. Rb2 Kc6 35. e3 axb3 36. axb3 Kb5 37. Rc2 Ra7 38. Rc8 e5 39. Rb8+ Kc6 40.
g4 fxg4+ 41. Kxg4 Rf7 42. f3 d5 43. Rc8+ Kd6 44. Rd8+ Kc5 45. Rc8+ Kd6 46. Rd8+
Kc5 47. Rc8+ Kd6 1/2-1/2

[Event "2BLN 1920 SG AE Magdeburg - SC Empor Po"]
[Site "?"]
[Date "2019.11.24"]
[Round "4.3"]
[White "Hansch, Stephan"]
[Black "Biastoch, Bennet"]
[Result "1/2-1/2"]
[WhiteElo "2163"]
[BlackElo "2246"]
[PlyCount "104"]
[EventDate "2019.??.??"]

1. d4 d5 2. c4 dxc4 3. Nf3 Nf6 4. e3 e6 5. Bxc4 c5 6. O-O a6 7. Bd3 Nc6 8. Nc3
cxd4 9. exd4 Nb4 10. Bb1 Be7 11. a3 Nbd5 12. Bg5 h6 13. Bh4 Bd7 14. Ba2 O-O 15.
Nxd5 Nxd5 16. Bxd5 exd5 17. Bxe7 Qxe7 18. Re1 Qd6 19. Ne5 Rae8 20. Qd2 Bf5 21.
h3 Re6 22. Nd3 Bxd3 23. Qxd3 Rc8 24. Qb3 b5 25. Rxe6 Qxe6 26. a4 bxa4 27. Qxa4
Qf6 28. g3 Rc4 29. Qxa6 Qxd4 30. Qb7 Rb4 31. Ra8+ Kh7 32. Qxf7 Qxb2 33. Qf5+ g6
34. Qxd5 Qg7 35. Rd8 Rb7 36. h4 h5 37. Kg2 Rf7 38. Rd6 Qf8 39. Rd7 Rxd7 40.
Qxd7+ Kg8 41. Qe6+ Kg7 42. g4 hxg4 43. Qd7+ Kh6 44. Qxg4 Qa8+ 45. f3 Qa2+ 46.
Kg3 Qd2 47. Qe6 Qd4 48. Qe4 Qg1+ 49. Kh3 Qh1+ 50. Kg3 Qg1+ 51. Kh3 Qh1+ 52. Kg3
Qg1+ 1/2-1/2

[Event "2BLN 1920 SG AE Magdeburg - SC Empor Po"]
[Site "?"]
[Date "2019.11.24"]
[Round "4.4"]
[White "Sieber, Fiona"]
[Black "Tiarks, Jann-Christian"]
[Result "1/2-1/2"]
[WhiteElo "2291"]
[BlackElo "2165"]
[PlyCount "108"]
[EventDate "2019.??.??"]

1. e4 c5 2. Nf3 d6 3. d4 cxd4 4. Nxd4 Nf6 5. Nc3 a6 6. Be3 e5 7. Nb3 Be6 8. Qd2
Be7 9. f3 O-O 10. O-O-O Nbd7 11. g4 b5 12. Rg1 Nb6 13. Na5 Rc8 14. g5 Nh5 15.
Nd5 Bxd5 16. exd5 Nxd5 17. Qxd5 Qxa5 18. Bd3 g6 19. f4 Nxf4 20. Bxf4 exf4 21.
h4 Rc5 22. Qb3 Qc7 23. Be4 Rc8 24. Rg2 Re5 25. Bd5 Bf8 26. Rf2 Re3 27. Qb4 f3
28. Qd2 Qe7 29. Rxf3 Rxf3 30. Bxf3 Rc5 31. Bd5 Qe5 32. Qd4 Bg7 33. Qxe5 Bxe5
34. Rd3 a5 35. c3 Kg7 36. Kd2 f6 37. Ke3 b4 38. cxb4 axb4 39. a3 Bxb2 40. axb4
Rb5 41. Rb3 Bc1+ 42. Kd4 fxg5 43. hxg5 Bxg5 44. Bc6 Rb8 45. Kd5 h5 46. b5 Bd8
47. Kxd6 g5 48. Re3 Bb6 49. Re6 Rh8 50. Ke5 Bd8 51. Re8 Rf8 52. Rxf8 Kxf8 53.
Bf3 g4 54. Bxg4 hxg4 1/2-1/2

[Event "2BLN 1920 SG AE Magdeburg - SC Empor Po"]
[Site "?"]
[Date "2019.11.24"]
[Round "4.5"]
[White "Schoene, Ralf"]
[Black "Andre, Gordon"]
[Result "1/2-1/2"]
[WhiteElo "2270"]
[BlackElo "2386"]
[PlyCount "46"]
[EventDate "2019.??.??"]

1. d4 Nf6 2. c4 e6 3. Nc3 Bb4 4. e3 d5 5. a3 Bxc3+ 6. bxc3 O-O 7. Nf3 c6 8. Bd3
Nbd7 9. O-O Re8 10. cxd5 exd5 11. c4 dxc4 12. Bxc4 Nb6 13. Be2 Ne4 14. Bb2 Nd5
15. Qc2 Bg4 16. Ne5 Bxe2 17. Qxe2 f6 18. Nd3 Nd6 19. Rac1 Qa5 20. Rfe1 Re7 21.
Qc2 Rae8 22. a4 Qd8 23. Ba3 Rf7 1/2-1/2

[Event "2BLN 1920 SG AE Magdeburg - SC Empor Po"]
[Site "?"]
[Date "2019.11.24"]
[Round "4.6"]
[White "Melamed, Tatjana"]
[Black "Haasler, Andreas"]
[Result "1-0"]
[WhiteElo "2373"]
[BlackElo "2239"]
[PlyCount "117"]
[EventDate "2019.??.??"]

1. e4 c5 2. Nf3 e6 3. c3 a6 4. d4 d5 5. exd5 exd5 6. Be2 Bd6 7. dxc5 Bxc5 8.
O-O Ne7 9. Nbd2 Nbc6 10. Nb3 Ba7 11. Bf4 O-O 12. Nbd4 Nf5 13. Nxc6 bxc6 14. Qa4
Qb6 15. Qb3 a5 16. Bd3 g6 17. Qxb6 Bxb6 18. Ne5 Ne7 19. Rfe1 f6 20. Nf3 Bc5 21.
Nd4 Bxd4 22. Rxe7 Ra7 23. Rae1 Rxe7 24. Rxe7 Bb6 25. Bh6 Rd8 26. h4 Bg4 27.
Rg7+ Kh8 28. Rb7 Bc5 29. Bg7+ Kg8 30. Bxf6 Re8 31. Kf1 Re6 32. Bg5 a4 33. Bh6
Bf5 34. Be2 Be7 35. Ra7 Bxh4 36. Rxa4 Be7 37. Ra8+ Kf7 38. Ra7 Kg8 39. Be3 Be4
40. a4 c5 41. a5 Kf8 42. a6 d4 43. cxd4 Rb6 44. dxc5 Rxb2 45. Rd7 Bc6 46. Rd1
Ra2 47. Rb1 Bd8 48. Bc4 Rc2 49. Bb5 Be4 50. Rd1 Be7 51. c6 Bxc6 52. Bxc6 Rxc6
53. Ra1 Rc8 54. a7 Ra8 55. Rb1 Bd6 56. Rb7 Kg8 57. Bd4 h5 58. Rg7+ Kf8 59. Rh7
1-0

[Event "2BLN 1920 SG AE Magdeburg - SC Empor Po"]
[Site "?"]
[Date "2019.11.24"]
[Round "4.7"]
[White "Trenner, Rolf"]
[Black "Merkert, Maximilian"]
[Result "1/2-1/2"]
[WhiteElo "2189"]
[BlackElo "2215"]
[PlyCount "140"]
[EventDate "2019.??.??"]

1. d4 f5 2. c4 Nf6 3. g3 g6 4. Bg2 Bg7 5. Nc3 O-O 6. Nh3 d6 7. O-O Na6 8. f3 e5
9. e3 c6 10. b3 Re8 11. Nf2 Be6 12. Bb2 Qe7 13. Qd2 Bf7 14. Rfe1 Rad8 15. Rad1
Rd7 16. Qc1 Bh6 17. f4 e4 18. g4 Nxg4 19. Nxg4 fxg4 20. Nxe4 d5 21. Nf2 Qh4 22.
Nd3 Be6 23. Ne5 Rdd8 24. Qd2 Bg7 25. Qe2 Bf5 26. cxd5 cxd5 27. Rc1 Be6 28. Rf1
Qe7 29. Rc3 Bxe5 30. dxe5 Nb8 31. Rd1 Nc6 32. Rcd3 Qf7 33. Ba3 d4 34. Bxc6 bxc6
35. Rxd4 Rd5 36. Bd6 h5 37. Rxd5 cxd5 38. Rc1 Rc8 39. Rxc8+ Bxc8 40. Qb5 Bf5
41. Qb8+ Kh7 42. e6 Bxe6 43. Be5 g5 44. fxg5 Kg6 45. Bf6 Qd7 46. Qh8 Qh7 47.
Qe8+ Qf7 48. Qc6 Qd7 49. Qc3 Qc8 50. Qd3+ Bf5 51. Qxd5 Qc1+ 52. Kf2 Qc2+ 53.
Ke1 Qc1+ 54. Ke2 Qc2+ 55. Qd2 Qe4 56. Qd6 Qc2+ 57. Ke1 Qb1+ 58. Kf2 Qxa2+ 59.
Bb2+ Kf7 60. g6+ Ke8 61. Qe5+ Kd8 62. Qf6+ Kc7 63. g7 Be6 64. Qe5+ Kb7 65. b4
Qd5 66. Qf6 h4 67. Bd4 Qa2+ 68. Bb2 Qd5 69. Bd4 Qa2+ 70. Bb2 Qd5 1/2-1/2

[Event "2BLN 1920 SG AE Magdeburg - SC Empor Po"]
[Site "?"]
[Date "2019.11.24"]
[Round "4.8"]
[White "Schoene, Maria"]
[Black "Germann, Heike"]
[Result "1-0"]
[WhiteElo "2140"]
[BlackElo "2058"]
[PlyCount "59"]
[EventDate "2019.??.??"]

1. e4 c5 2. Nf3 Nc6 3. d4 cxd4 4. Nxd4 g6 5. Nc3 Bg7 6. Be3 Nf6 7. Bc4 Qa5 8.
O-O O-O 9. Bb3 d6 10. h3 Bd7 11. Re1 Rfc8 12. f4 Qd8 13. Qf3 Nxd4 14. Bxd4 Bc6
15. Qf2 b6 16. Rad1 Qf8 17. e5 Ne8 18. h4 e6 19. h5 Rd8 20. Rd3 Qe7 21. Rh3 Rd7
22. Ne4 Bxe4 23. Rxe4 Rad8 24. Ba4 dxe5 25. Bxd7 exd4 26. Bxe8 Qxe8 27. h6 Qc6
28. hxg7 Qxe4 29. Qh4 Kxg7 30. Qxd8 1-0

[Event "2BLN 1920 Hamburger SK II - SG Turm Kie"]
[Site "?"]
[Date "2019.11.24"]
[Round "4.1"]
[White "Michna, Marta"]
[Black "Souleidis, Georgios"]
[Result "1/2-1/2"]
[WhiteElo "2366"]
[BlackElo "2422"]
[PlyCount "75"]
[EventDate "2019.??.??"]

1. d4 Nf6 2. Nf3 e6 3. e3 d5 4. Bd3 c5 5. O-O Nc6 6. Nbd2 Bd6 7. a3 c4 8. Be2
Bd7 9. c3 b5 10. Qc2 O-O 11. Re1 Qc7 12. e4 e5 13. exd5 Nxd5 14. dxe5 Nxe5 15.
Nxe5 Bxe5 16. Nf3 Bf6 17. Bg5 Bxg5 18. Nxg5 Nf6 19. Nf3 Bc6 20. Nd4 Be4 21. Qd2
Rad8 22. Nxb5 Rxd2 23. Nxc7 Rxb2 24. Rad1 Rc8 25. f3 g6 26. fxe4 Rxc7 27. Bf3
Nd7 28. e5 Nc5 29. Bd5 Na4 30. e6 fxe6 31. Bxe6+ Kg7 32. Rd4 Nb6 33. Rd8 Re7
34. Rg8+ Kf6 35. Rf8+ Kg7 36. Rg8+ Kf6 37. Rf8+ Kg7 38. Rg8+ 1/2-1/2